Điều khiển tự động truyền động điện xoaychiều ba pha /

Spremljeno u:
Bibliografski detalji
Glavni autor: Nguyễn Phùng Quang, TS
Format: Knjiga
Jezik:Vietnamese
Izdano: Giáo dục 1998
Oznake: Dodaj oznaku
Bez oznaka, Budi prvi tko označuje ovaj zapis!
Thư viện lưu trữ: Mạng thư viện Đại học Đà Nẵng
LEADER 00673nam a2200265 4500
001 000027944
003 NG-QR
005 20150403120000.0
008 150403s vm 000 vie
020 |c 0,0000 
040 |a notts 
100 |a Nguyễn Phùng Quang, TS 
245 |a Điều khiển tự động truyền động điện xoaychiều ba pha /  |c Nguyễn Phùng Quang. 
260 |b Giáo dục  |c 1998 
OWN |a LTT 
999 |a From the UDN01 
TYP |a Monograph 
TYP |a Printed language 
980 |a Mạng thư viện Đại học Đà Nẵng